[Event "Oberliga Ost-B 2122"]
[Site "Germany"]
[Date "2022.05.01"]
[Round "3.6"]
[White "Merkle, Egon"]
[Black "Schupp, Uwe"]
[Result "1/2-1/2"]
[WhiteElo "2146"]
[BlackElo "2112"]
[PlyCount "49"]
[EventDate "2021.10.10"]
[EventType "team-tourn"]
[EventRounds "11"]
[EventCountry "GER"]
[SourceTitle "EXT 2023"]
[Source "ChessBase"]
[SourceDate "2022.10.05"]
[SourceVersion "1"]
[SourceVersionDate "2022.10.05"]
[SourceQuality "1"]
[WhiteTeam "Bad Homburg"]
[BlackTeam "Gernsheim"]
[WhiteTeamCountry "GER"]
[BlackTeamCountry "GER"]

1. Nf3 d6 2. d4 Nf6 3. c4 Nbd7 4. Nc3 e5 5. e4 Be7 6. Be2 0-0 7. 0-0 c6 8. h3 a6 9. a4 a5 10. Be3 exd4 11. Nxd4 Nc5 12. Qc2 Re8 13. Nb3 Nfd7 14. Rad1 Qb6 15. Nxc5 Nxc5 16. Bf4 Rd8 17. e5 dxe5 18. Rxd8+ Bxd8 19. Bxe5 Be6 20. Rd1 Bc7 21. Bxc7 Qxc7 22. Ne4 Nxe4 23. Qxe4 Rd8 24. Rxd8+ Qxd8 25. Qe3 1/2-1/2

[Event "Hessenliga 1921"]
[Site "Hessen"]
[Date "2019.12.01"]
[Round "4.6"]
[White "Merkle, Egon"]
[Black "Perlitz, Sven"]
[Result "1-0"]
[WhiteElo "2160"]
[BlackElo "2098"]
[PlyCount "51"]
[EventDate "2019.09.22"]
[EventType "team-tourn"]
[EventRounds "9"]
[EventCountry "GER"]
[SourceTitle "EXT 2024"]
[Source "ChessBase"]
[SourceDate "2023.10.10"]
[SourceVersion "1"]
[SourceVersionDate "2023.10.10"]
[SourceQuality "1"]
[WhiteTeam "Bad Homburg"]
[BlackTeam "Nied"]
[WhiteTeamCountry "GER"]
[BlackTeamCountry "GER"]

1. Nf3 Nf6 2. c4 g6 3. Nc3 d5 4. cxd5 Nxd5 5. g3 Bg7 6. Bg2 0-0 7. 0-0 Nc6 8. d4 Nb6 9. Bf4 Re8 10. Rc1 Bg4 11. d5 Bxf3 12. Bxf3 Nd4 13. Bg2 e5 14. dxe6 Rxe6 15. Bxb7 Rb8 16. Bg2 Nxe2+ 17. Nxe2 Qxd1 18. Rfxd1 Rxe2 19. Rxc7 Rxb2 20. Rxa7 Rc8 21. a4 Nc4 22. a5 Bf8 23. Bb7 Bc5 24. Bxc8 Bxf2+ 25. Kh1 Bxa7 26. Bh6 1-0

[Event "Hessenliga 1921"]
[Site "Hessen"]
[Date "2019.10.27"]
[Round "2.8"]
[White "Merkle, Egon"]
[Black "Kettler, Bernhard"]
[Result "1-0"]
[WhiteElo "2160"]
[BlackElo "2240"]
[PlyCount "49"]
[EventDate "2019.09.22"]
[EventType "team-tourn"]
[EventRounds "9"]
[EventCountry "GER"]
[SourceTitle "EXT 2024"]
[Source "ChessBase"]
[SourceDate "2023.10.10"]
[SourceVersion "1"]
[SourceVersionDate "2023.10.10"]
[SourceQuality "1"]
[WhiteTeam "Bad Homburg"]
[BlackTeam "Frankfurt Bvk"]
[WhiteTeamCountry "GER"]
[BlackTeamCountry "GER"]

1. c4 e5 2. Nc3 d6 3. Nf3 Nf6 4. g3 g6 5. Bg2 Bg7 6. d4 Nbd7 7. 0-0 0-0 8. h3 c6 9. e4 Qb6 10. b3 exd4 11. Na4 Qa5 12. Nxd4 Re8 13. Re1 Nxe4 14. Rxe4 Rxe4 15. Bxe4 Qe5 16. Bd3 b5 17. cxb5 cxb5 18. Bxb5 Qxd4 19. Bb2 Qe4 20. Qe2 Qb7 21. Qe8+ Bf8 22. Bf1 Ne5 23. Bxe5 Be6 24. Bg2 dxe5 25. Qxa8 1-0

[Event "Hessenliga 1921"]
[Site "Hessen"]
[Date "2019.09.22"]
[Round "1.7"]
[White "Merkle, Egon"]
[Black "Kuepper, Martin"]
[Result "0-1"]
[WhiteElo "2160"]
[BlackElo "1991"]
[PlyCount "40"]
[EventDate "2019.09.22"]
[EventType "team-tourn"]
[EventRounds "9"]
[EventCountry "GER"]
[SourceTitle "EXT 2024"]
[Source "ChessBase"]
[SourceDate "2023.10.10"]
[SourceVersion "1"]
[SourceVersionDate "2023.10.10"]
[SourceQuality "1"]
[WhiteTeam "Bad Homburg"]
[BlackTeam "Fulda"]
[WhiteTeamCountry "GER"]
[BlackTeamCountry "GER"]

1. c4 Nf6 2. Nc3 g6 3. d4 d5 4. cxd5 Nxd5 5. e4 Nxc3 6. bxc3 Bg7 7. Bc4 c5 8. Ne2 0-0 9. 0-0 Qc7 10. Bd5 Nc6 11. Ba3 b6 12. dxc5 Rd8 13. Qa4 Bb7 14. Rfd1 e6 15. Bxc6 Bxc6 16. Qb4 bxc5 17. Qc4 Qa5 18. Qxc5 Rxd1+ 19. Rxd1 Qa4 20. Rd6 Bb5 0-1

[Event "Hessenliga 1819"]
[Site "Hessen"]
[Date "2018.11.04"]
[Round "2.4"]
[White "Schnegelsberg, Karl Heinz"]
[Black "Merkle, Egon"]
[Result "0-1"]
[WhiteElo "2053"]
[BlackElo "2160"]
[PlyCount "90"]
[EventDate "2018.09.23"]
[EventType "team-tourn"]
[EventRounds "9"]
[EventCountry "GER"]
[SourceTitle "EXT 2020"]
[Source "ChessBase"]
[SourceDate "2019.10.17"]
[SourceVersion "1"]
[SourceVersionDate "2019.10.17"]
[SourceQuality "1"]
[WhiteTeam "Kassel"]
[BlackTeam "Bad Homburg"]
[WhiteTeamCountry "GER"]
[BlackTeamCountry "GER"]

1. e4 c5 2. Nf3 d6 3. d3 Nc6 4. g3 Nf6 5. Bg2 g6 6. 0-0 Bg7 7. Re1 0-0 8. c3 e5 9. a3 d5 10. exd5 Nxd5 11. Qc2 Bg4 12. h3 Bf5 13. Nbd2 h6 14. Ne4 b6 15. b4 cxb4 16. axb4 Ndxb4 17. cxb4 Nxb4 18. Qc4 Nxd3 19. Rd1 Rc8 20. Qxd3 Qxd3 21. Rxd3 Bxe4 22. Rda3 Bxf3 23. Bxf3 e4 24. Bxe4 Bxa1 25. Rxa1 Rfe8 26. f3 h5 27. g4 hxg4 28. hxg4 Rc5 29. g5 Ra5 30. Rb1 Ra2 31. Be3 Re5 32. Rc1 Kf8 33. Rc7 Ke8 34. Rc8+ Kd7 35. Ra8 Rea5 36. Kf1 Rb2 37. Bf2 Ra1+ 38. Be1 a5 39. Bd3 Rh2 40. Bb5+ Kd6 41. Re8 a4 42. Re4 a3 43. Kg1 Rc2 44. Ba4 Rcc1 45. Kf2 Rxe1 0-1

[Event "Hessenliga 1718"]
[Site "Hessen"]
[Date "2017.09.17"]
[Round "1.3"]
[White "Karabalis, Harilos"]
[Black "Merkle, Egon"]
[Result "0-1"]
[WhiteElo "2252"]
[BlackElo "2160"]
[PlyCount "84"]
[EventDate "2017.09.17"]
[EventType "team-tourn"]
[EventRounds "9"]
[EventCountry "GER"]
[SourceTitle "CBM 189 Extra"]
[Source "ChessBase"]
[SourceDate "2019.06.03"]
[SourceVersion "1"]
[SourceVersionDate "2019.06.03"]
[SourceQuality "1"]
[WhiteTeam "Frankfurt BvK"]
[BlackTeam "Bad Homburg"]
[WhiteTeamCountry "GER"]
[BlackTeamCountry "GER"]

1. e4 e5 2. Nf3 Nc6 3. Bc4 Nf6 4. d3 Bc5 5. c3 d6 6. Bb3 Bb6 7. h3 h6 8. Nbd2 0-0 9. Nc4 Be6 10. 0-0 Qd7 11. Re1 Rfe8 12. Be3 Rad8 13. Qe2 Bxc4 14. dxc4 Bxe3 15. Qxe3 Kh7 16. Kh2 a6 17. Ba4 Qe7 18. b4 Rg8 19. g4 Nb8 20. Kg3 c6 21. Bb3 Nbd7 22. Rad1 c5 23. Nh4 g6 24. Nf3 b6 25. Ba4 Nf8 26. bxc5 bxc5 27. Rb1 Ne6 28. Bc6 Rb8 29. Rb3 Rxb3 30. axb3 Rb8 31. Ra1 Rxb3 32. Rxa6 Nf4 33. Kh2 Rb2 34. Kg3 Rc2 35. Ra3 Re2 36. Qc1 Rxf2 37. Ne1 Re2 38. Qa1 Nxe4+ 39. Bxe4 Rxe4 40. Ra8 Qf6 41. Nf3 Re3 42. Qb1 Ne2+ 0-1

[Event "Hessenliga 1516"]
[Site "Germany"]
[Date "2015.11.22"]
[Round "3.7"]
[White "Spitzl, Philipp"]
[Black "Merkle, Egon"]
[Result "1/2-1/2"]
[WhiteElo "2057"]
[BlackElo "2160"]
[PlyCount "80"]
[EventDate "2015.09.27"]
[EventType "team-tourn"]
[EventRounds "9"]
[EventCountry "GER"]
[SourceTitle "EXT 2018"]
[Source "ChessBase"]
[SourceDate "2017.10.13"]
[SourceVersion "1"]
[SourceVersionDate "2017.10.13"]
[SourceQuality "1"]
[WhiteTeam "Griesheim II"]
[BlackTeam "Bad Homburg"]
[WhiteTeamCountry "GER"]
[BlackTeamCountry "GER"]

1. c4 e5 2. g3 Nf6 3. Bg2 Bc5 4. Nf3 d6 5. 0-0 Nc6 6. Nc3 0-0 7. d3 h6 8. a3 a5 9. Bd2 Re8 10. Ne1 Bg4 11. Nc2 Qd7 12. Ne3 Bh3 13. Ncd5 Nxd5 14. Nxd5 Bxg2 15. Kxg2 Ne7 16. Nxe7+ Rxe7 17. b4 Bd4 18. Rb1 axb4 19. axb4 Qc6+ 20. Kg1 e4 21. e3 Bf6 22. b5 Qc5 23. Bb4 Qf5 24. d4 b6 25. Qc2 h5 26. f4 Ree8 27. Ra1 h4 28. gxh4 Bxh4 29. Kh1 Rxa1 30. Rxa1 Re6 31. Qe2 Rh6 32. Rg1 Qh3 33. Rg2 f5 34. Be1 Kf7 35. Bxh4 Rxh4 36. Kg1 Rg4 37. Rxg4 fxg4 38. Qf2 Qf3 39. Kf1 d5 40. c5 Ke6 1/2-1/2

[Event "Hessenliga 1415"]
[Site "Hessen"]
[Date "2015.01.25"]
[Round "5.2"]
[White "Zimmermann, Hendrik"]
[Black "Merkle, Egon"]
[Result "1-0"]
[WhiteElo "2122"]
[BlackElo "2160"]
[PlyCount "95"]
[EventDate "2014.09.28"]
[EventType "team-tourn"]
[EventRounds "9"]
[EventCountry "GER"]
[SourceTitle "EXT 2016"]
[Source "ChessBase"]
[SourceDate "2015.10.08"]
[SourceVersion "1"]
[SourceVersionDate "2015.10.08"]
[SourceQuality "1"]
[WhiteTeam "Nied"]
[BlackTeam "Bad Homburg"]
[WhiteTeamCountry "GER"]
[BlackTeamCountry "GER"]

1. Nf3 Nf6 2. c4 c5 3. Nc3 e6 4. g3 d5 5. cxd5 exd5 6. d4 Nc6 7. Bg2 Be7 8. 0-0 0-0 9. dxc5 Bxc5 10. Bg5 Be6 11. Rc1 Be7 12. Nd4 Nxd4 13. Qxd4 h6 14. Bf4 Qa5 15. Qd3 Rac8 16. Bd2 Qb6 17. Qb5 Bc5 18. Qxb6 Bxb6 19. Na4 Bd4 20. e3 Be5 21. Bc3 Bxc3 22. Nxc3 Rfd8 23. Rfd1 Kf8 24. Rd4 Rc4 25. Rcd1 Rxd4 26. Rxd4 Ke7 27. h3 Rd7 28. g4 g6 29. f4 Rc7 30. Kf2 b6 31. g5 hxg5 32. fxg5 Ne4+ 33. Bxe4 dxe4 34. Rxe4 Rd7 35. Ke2 f6 36. h4 fxg5 37. hxg5 Kf7 38. Rd4 Rc7 39. Rh4 Bc4+ 40. Kf3 Ke6 41. Rf4 Ke5 42. Rf6 Rf7 43. Rxf7 Bxf7 44. e4 a5 45. Ke3 Be8 46. Nd1 Bf7 47. a3 Be8 48. Nf2 1-0

[Event "Hessenliga 1314"]
[Site "Germany"]
[Date "2014.03.09"]
[Round "7.8"]
[White "Merkle, Egon"]
[Black "Tennstedt, Andreas"]
[Result "1/2-1/2"]
[WhiteElo "2160"]
[BlackElo "2204"]
[PlyCount "30"]
[EventDate "2013.09.29"]
[EventType "team-tourn"]
[EventRounds "9"]
[EventCountry "GER"]
[SourceTitle "EXT 2015"]
[Source "ChessBase"]
[SourceDate "2014.11.20"]
[SourceVersion "1"]
[SourceVersionDate "2014.11.20"]
[SourceQuality "1"]
[WhiteTeam "Bad Homburg"]
[BlackTeam "Griesheim II"]
[WhiteTeamCountry "GER"]
[BlackTeamCountry "GER"]

1. c4 g6 2. d4 Bg7 3. Nc3 f5 4. e4 fxe4 5. Nxe4 Nf6 6. Nxf6+ exf6 7. Nf3 d5 8. Qb3 c6 9. cxd5 cxd5 10. Bb5+ Bd7 11. 0-0 Bxb5 12. Qxb5+ Qd7 13. Re1+ Kf7 14. Qxd7+ Nxd7 15. Bf4 Rac8 1/2-1/2

[Event "Hessenliga 1213"]
[Site "Germany"]
[Date "2013.01.27"]
[Round "5.2"]
[White "Steyer, Bernd"]
[Black "Merkle, Egon"]
[Result "1/2-1/2"]
[WhiteElo "2169"]
[BlackElo "2160"]
[PlyCount "31"]
[EventDate "2012.09.16"]
[EventType "team-tourn"]
[EventRounds "9"]
[EventCountry "GER"]
[SourceTitle "EXT 2014"]
[Source "ChessBase"]
[SourceDate "2013.11.20"]
[SourceVersion "1"]
[SourceVersionDate "2013.11.20"]
[SourceQuality "1"]
[WhiteTeam "Eppstein"]
[BlackTeam "Bad Homburg"]
[WhiteTeamCountry "GER"]
[BlackTeamCountry "GER"]

1. e4 c5 2. c3 Nf6 3. e5 Nd5 4. d4 cxd4 5. Nf3 Nc6 6. Bc4 Nb6 7. Bb3 d5 8. exd6 Qxd6 9. Nxd4 Nxd4 10. Qxd4 Qxd4 11. cxd4 g6 12. Nc3 Bg7 13. Bf4 0-0 14. 0-0-0 Bf5 15. Rhe1 Rfe8 16. f3 1/2-1/2

[Event "Hessenliga 1213"]
[Site "Germany"]
[Date "2012.11.04"]
[Round "3.2"]
[White "Solonar, Stefan"]
[Black "Merkle, Egon"]
[Result "1/2-1/2"]
[WhiteElo "2324"]
[BlackElo "2160"]
[PlyCount "92"]
[EventDate "2012.09.16"]
[EventType "team-tourn"]
[EventRounds "9"]
[EventCountry "GER"]
[SourceTitle "EXT 2014"]
[Source "ChessBase"]
[SourceDate "2013.11.20"]
[SourceVersion "1"]
[SourceVersionDate "2013.11.20"]
[SourceQuality "1"]
[WhiteTeam "Heusenstamm"]
[BlackTeam "Bad Homburg"]
[WhiteTeamCountry "GER"]
[BlackTeamCountry "GER"]

1. Nf3 Nf6 2. c4 c5 3. d4 cxd4 4. Nxd4 Nc6 5. Nc3 d6 6. e4 g6 7. Be2 Bg7 8. Be3 0-0 9. 0-0 Bd7 10. f3 a6 11. Qd2 Qb8 12. Nb3 Be6 13. Rac1 Rc8 14. Na4 Nd7 15. Nb6 Nxb6 16. Bxb6 Ne5 17. Na5 Nd7 18. Be3 b6 19. Nb3 b5 20. Na5 bxc4 21. Nxc4 Bxc4 22. Rxc4 Rxc4 23. Bxc4 Nb6 24. Bb3 a5 25. Kh1 e6 26. Rc1 a4 27. Bd1 d5 28. b3 axb3 29. axb3 Qd6 30. Bc5 Qd8 31. Qb4 Rc8 32. Rb1 Nd7 33. Bd6 Ne5 34. Be2 d4 35. Ba6 Rc6 36. Be7 Qc7 37. Bf1 h6 38. Bh4 Rc1 39. Rxc1 Qxc1 40. Be1 Qb1 41. Qd2 Bf6 42. f4 Bh4 43. fxe5 Bxe1 44. Qxd4 Bc3 45. Qd8+ Kh7 46. Qf6 Kg8 1/2-1/2

[Event "Hessenliga 1112"]
[Site "Germany"]
[Date "2011.12.04"]
[Round "4.5"]
[White "Kierzek, Matthias"]
[Black "Merkle, Egon"]
[Result "0-1"]
[WhiteElo "2149"]
[BlackElo "2160"]
[PlyCount "134"]
[EventDate "2011.09.25"]
[EventType "team-tourn"]
[EventRounds "9"]
[EventCountry "GER"]
[SourceTitle "EXT 2013"]
[Source "ChessBase"]
[SourceDate "2012.11.22"]
[SourceVersion "1"]
[SourceVersionDate "2012.11.22"]
[SourceQuality "1"]
[WhiteTeam "Fulda"]
[BlackTeam "Bad Homburg"]
[WhiteTeamCountry "GER"]
[BlackTeamCountry "GER"]

1. d4 Nf6 2. c4 c5 3. d5 e6 4. Nc3 exd5 5. cxd5 d6 6. Nf3 g6 7. Bf4 a6 8. a4 Bg7 9. h3 0-0 10. e3 Nh5 11. Bh2 f5 12. Be2 f4 13. 0-0 Bh6 14. e4 Nd7 15. Nd2 Nhf6 16. Nc4 Qe7 17. Bf3 Ne5 18. Nxe5 Qxe5 19. a5 Bd7 20. Na4 Rae8 21. Nc3 Qg5 22. Kh1 Qh4 23. Qd3 g5 24. Kg1 g4 25. hxg4 Nxg4 26. Bxg4 Bxg4 27. f3 Bd7 28. Qd2 Rf6 29. Qe1 Qh5 30. Kh1 Kh8 31. Rg1 Rg8 32. e5 dxe5 33. Ne4 Rfg6 34. Nxc5 Bc8 35. Nd3 Bg7 36. g4 fxg3 37. Rxg3 Rxg3 38. Qxg3 Bf6 39. Qf2 Bf5 40. Qe3 Qh3 41. Rg1 e4 42. Ne1 Be5 43. Rxg8+ Kxg8 44. Qg5+ Kf7 45. f4 Bf6 46. Qg2 Qxg2+ 47. Nxg2 Bxb2 48. Ne3 Kf6 49. Bg3 Bd4 50. Bh4+ Kg6 51. Nc4 e3 52. d6 Kh5 53. Be1 Kg4 54. Ne5+ Bxe5 55. fxe5 Kf3 56. Kg1 Ke2 57. Bb4 h5 58. Kg2 h4 59. Bc3 Bg4 60. Bb4 Kd1 61. Bc3 e2 62. Kf2 h3 63. Bb4 Bc8 64. Bc3 e1Q+ 65. Bxe1 h2 66. Kg2 Kxe1 67. Kxh2 Kf2 0-1

[Event "Hessenliga 1112"]
[Site "Germany"]
[Date "2011.10.09"]
[Round "2.5"]
[White "Kraft, Wolfgang"]
[Black "Merkle, Egon"]
[Result "0-1"]
[WhiteElo "2134"]
[BlackElo "2160"]
[PlyCount "102"]
[EventDate "2011.09.25"]
[EventType "team-tourn"]
[EventRounds "9"]
[EventCountry "GER"]
[SourceTitle "EXT 2013"]
[Source "ChessBase"]
[SourceDate "2012.11.22"]
[SourceVersion "1"]
[SourceVersionDate "2012.11.22"]
[SourceQuality "1"]
[WhiteTeam "Dettingen"]
[BlackTeam "Bad Homburg"]
[WhiteTeamCountry "GER"]
[BlackTeamCountry "GER"]

1. e4 c5 2. Nf3 d6 3. Bb5+ Bd7 4. Bxd7+ Nxd7 5. 0-0 Ngf6 6. Re1 g6 7. c3 Bg7 8. d4 0-0 9. Bf4 d5 10. e5 Ne8 11. Qd2 Nc7 12. Na3 Ne6 13. Bg3 cxd4 14. cxd4 Nb6 15. Rac1 Qd7 16. b3 a5 17. Bh4 Nc8 18. Nc2 Qb5 19. Ne3 Bh6 20. Rc2 Rd8 21. Rd1 a4 22. Rb1 Rd7 23. Qd1 Na7 24. bxa4 Qxa4 25. Rcb2 Qxd1+ 26. Nxd1 Rb8 27. Rb6 g5 28. Bg3 Rc8 29. Ne3 Rcc7 30. h3 Kg7 31. h4 Kg6 32. hxg5 Bxg5 33. Nxg5 Kxg5 34. Rd1 Nc6 35. Rb5 Ncxd4 36. Rxd5 Rxd5 37. Nxd5 Rd7 38. Ne3 Ne2+ 39. Kh2 Rxd1 40. Nxd1 Nxg3 41. Kxg3 Kf5 42. Kf3 Kxe5 43. Ke3 Nf4 44. Kf3 Nd5 45. Ke2 Kd4 46. Kd2 e5 47. f3 f5 48. Nf2 e4 49. fxe4 fxe4 50. Nd1 e3+ 51. Ke1 Nc3 0-1

[Event "Hessenliga 1011"]
[Site "Germany"]
[Date "2010.12.12"]
[Round "4.4"]
[White "Merkle, Egon"]
[Black "Duncker, Joachim"]
[Result "0-1"]
[WhiteElo "2160"]
[BlackElo "2271"]
[PlyCount "79"]
[EventDate "2010.09.26"]
[EventType "team-tourn"]
[EventRounds "9"]
[EventCountry "GER"]
[SourceTitle "EXT 2012"]
[Source "ChessBase"]
[SourceDate "2011.11.24"]
[SourceVersion "1"]
[SourceVersionDate "2011.11.24"]
[SourceQuality "1"]
[WhiteTeam "Bad Homburg"]
[BlackTeam "Marburg"]
[WhiteTeamCountry "GER"]
[BlackTeamCountry "GER"]

1. e4 d5 2. exd5 Qxd5 3. Nc3 Qa5 4. Nf3 c6 5. d4 Bf5 6. Bc4 e6 7. Bd2 Nf6 8. Qe2 Bb4 9. 0-0-0 Nbd7 10. Nh4 Bg4 11. Nf3 Nb6 12. Bb3 0-0-0 13. a3 Bxc3 14. Bxc3 Qf5 15. Qe5 Qxe5 16. Nxe5 Bxd1 17. Rxd1 Rhf8 18. Bb4 Nbd7 19. Bxf8 Rxf8 20. Rd3 Nxe5 21. dxe5 Nd7 22. f4 h5 23. Rg3 g6 24. c3 Kd8 25. Bc2 Ke7 26. Kd2 Rd8 27. Rd3 b5 28. Ke3 Nb6 29. Bb3 Rxd3+ 30. Kxd3 c5 31. c4 a6 32. Ba2 Kd7 33. g3 Kc6 34. h3 Na4 35. Kc2 a5 36. cxb5+ Kxb5 37. g4 hxg4 38. hxg4 c4 39. Bxc4+ Kxc4 40. b3+ 0-1